000 00526nam a2200217Ia 4500
003 OSt
005 20220924132736.0
006 a|||||r|||| 00| 0
007 ta
008 220923b |||||||| |||| 00| 0 san d
024 _a247299
037 _cTextual
040 _aARTS
_cARTS
_bsan
041 _2san
_asan
082 _aO15,1D40x, 152L3
245 0 _aRaghuvansh mahakavya
260 _c1973
650 _aSANSKRIT LITERATURE
942 _hO15,1D40x, 152L3
_cTEXL
_2CC
999 _c431387
_d431387